Zmeny v ekonomickom prostredí na Slovensku vyvolané COVID-19

Salvato in:
Dettagli Bibliografici
Autore principale: Meluchová, Jitka, 1965-
Altri autori: Mateášová, Martina, 1979-
Natura: Capitolo di libro
Lingua:inglese
Soggetti:
Tags: Aggiungi Tag
Nessun Tag, puoi essere il primo ad aggiungerne!!

MARC

LEADER 00000naa$a2200000$$$4500
001 0270845
005 20240502074241.4
041 0 |a eng 
044 |a SK 
245 1 0 |a Zmeny v ekonomickom prostredí na Slovensku vyvolané COVID-19  |c Jitka Meluchová, Martina Mateášová 
500 |a abstrakt 
610 2 0 |a účtovníctvo 
610 2 0 |a prostredie ekonomické 
610 2 0 |a koronavírus 
610 2 0 |a dane 
100 1 |a Meluchová, Jitka, 1965- 
700 1 |a Mateášová, Martina, 1979-